[Event "AUTO-MASTER-156"]
[Site "http://www.queenalice.com/game.php?id=122600"]
[Date "2006.10.28"]
[Round "2"]
[White "vinchent78"]
[Black "Renatov"]
[Result "1-0"]
[WhiteElo "1812"]
[BlackElo "1864"]

1. d4 d5 2. c4 dxc4 3. Nf3 Nf6 4. Nc3 c6 5. a4 e6 6. e3 Bb4 7. Bxc4 Nbd7 8. O-O
Nb6 9. Bd3 Qc7 10. Qc2 Bd7 11. e4 O-O 12. e5 Nfd5 13. Bxh7+ Kh8 14. Ng5 f5 15.
Qe2 Be8 16. Qf3 g6 17. Qh3 Qg7 18. Bxg6+ Kg8 19. Bh7+ Kh8 20. Bxf5+ Kg8 21. Bh7+
Kh8 22. Bc2+ Kg8 23. Nxe6 1-0

[Event "AUTO-MASTER-156"]
[Site "http://www.queenalice.com/game.php?id=122601"]
[Date "2006.10.28"]
[Round "2"]
[White "Renatov"]
[Black "vinchent78"]
[Result "0-1"]
[WhiteElo "1880"]
[BlackElo "1894"]

1. e4 c6 2. d4 d5 3. Nc3 dxe4 4. Nxe4 Bf5 5. Ng3 Bg6 6. Nf3 e6 7. Ne5 Nd7 8.
Nxg6 hxg6 9. Be3 Ngf6 10. Be2 Bd6 11. Qd2 Nd5 12. O-O-O Qb6 13. Ne4 Bb8 14. Nc3
N7f6 15. Na4 Qd8 16. Bg5 Ne4 17. Bxd8 Nxd2 18. Rxd2 Kxd8 19. c4 Nb6 20. Nc5 Kc8
21. h3 Bf4 22. Rd1 Rd8 23. g3 Bxd2+ 24. Rxd2 Nd7 25. Ne4 Nf6 26. Ng5 Rd7 27. f3
Kc7 28. Kc2 Nh5 29. Ne4 Rad8 30. Kc3 e5 31. dxe5 Rxd2 32. Nxd2 Nxg3 33. Bd3 Rh8
34. e6 fxe6 35. Bxg6 Rxh3 36. Ne4 Nxe4+ 37. Bxe4 g5 38. Kd4 Kd6 39. c5+ Ke7 40.
b4 Rh2 41. a4 Ra2 42. a5 Kf6 43. b5 cxb5 0-1

[Event "AUTO-MASTER-156"]
[Site "http://www.queenalice.com/game.php?id=122602"]
[Date "2006.10.28"]
[Round "2"]
[White "ekup"]
[Black "Renatov"]
[Result "0-1"]
[WhiteElo "1627"]
[BlackElo "1882"]

1. e4 e6 2. d4 d5 3. e5 c5 4. c3 a6 5. Nf3 Nc6 6. Be2 Nge7 7. Bg5 h6 8. Bh4 Qc7
9. O-O Nf5 10. Bg3 Qb6 11. b3 cxd4 12. cxd4 Ncxd4 13. Nxd4 Qxd4 14. Qxd4 Nxd4
15. Bd3 Bd7 16. Nd2 Bb4 17. Nf3 Nxf3+ 18. gxf3 O-O 19. a3 Be7 20. b4 Rfc8 21.
Rac1 Bc6 22. f4 f6 23. f5 exf5 24. Bxf5 Rd8 25. e6 g5 26. h4 d4 27. Rfd1 Bf3 28.
Rd3 Be2 29. Rd2 d3 30. Rc7 Kf8 31. Rxb7 a5 32. Bc7 Rd4 33. Bxa5 Rxh4 34. Bxd3
Bf3 35. Rxe7 Rh1# 0-1

[Event "AUTO-MASTER-156"]
[Site "http://www.queenalice.com/game.php?id=122603"]
[Date "2006.10.28"]
[Round "2"]
[White "Renatov"]
[Black "ekup"]
[Result "1-0"]
[WhiteElo "1887"]
[BlackElo "1539"]

1. e4 c5 2. c3 e6 3. d4 cxd4 4. cxd4 Nc6 5. Nf3 Nf6 6. Nc3 Be7 7. Bd3 h6 8. e5
Nd5 9. Nxd5 exd5 10. O-O d6 11. Re1 Bg4 12. Be2 Qd7 13. Qd2 a6 14. h3 Bh5 15. b3
Bxf3 16. Bxf3 dxe5 17. dxe5 O-O 18. Qxd5 Qf5 19. Bg4 Qg6 20. e6 fxe6 21. Bxe6+
Kh8 22. Bb2 Rad8 23. Qe4 Qxe4 24. Rxe4 Bc5 25. Rg4 Bxf2+ 26. Kh2 Bd4 27. Rb1
Bxb2 28. Rxb2 Ne5 29. Re4 Nd3 30. Rbe2 Nc5 31. R4e3 Rde8 32. Bc4 Rxe3 33. Rxe3
b5 34. Bd5 Rd8 35. Bf7 Nd3 36. Bg6 1-0

[Event "AUTO-OPEN-228"]
[Site "http://www.queenalice.com/game.php?id=130078"]
[Date "2006.11.16"]
[Round "3"]
[White "Renatov"]
[Black "plug"]
[Result "1-0"]
[WhiteElo "1860"]
[BlackElo "1753"]

1. e4 e5 2. Nf3 Nc6 3. Bb5 a6 4. Ba4 Nf6 5. O-O Be7 6. Re1 b5 7. Bb3 O-O 8. c3
Bc5 9. d4 exd4 10. cxd4 Bb6 11. e5 Ng4 12. h3 Nxf2 13. Kxf2 Ba5 14. Nc3 d6 15.
Bg5 Ne7 16. exd6 Qxd6 17. Bxe7 Qh6 18. Bxf8 Kxf8 19. Ne5 Qh4+ 20. Kg1 Bb6 21.
Re4 Qg5 22. Nxf7 Qg6 23. Qf3 Bf5 24. Rf4 Re8 25. Ne5 Rxe5 26. Kh1 Bxd4 27. Rxf5+
Rxf5 28. Qa8+ Ke7 29. Re1+ Re5 30. Rf1 Rf5 31. Qe4+ 1-0

[Event "AUTO-OPEN-228"]
[Site "http://www.queenalice.com/game.php?id=130079"]
[Date "2006.11.16"]
[Round "3"]
[White "plug"]
[Black "Renatov"]
[Result "0-1"]
[WhiteElo "1729"]
[BlackElo "1891"]

1. e4 e6 2. d4 d5 3. Nc3 Bb4 4. e5 c5 5. Nf3 a6 6. Bd2 Nc6 7. dxc5 Bxc5 8. Bd3
Nge7 9. O-O Ng6 10. Bxg6 fxg6 11. Bg5 Be7 12. Bf4 O-O 13. Bg3 b5 14. Ne2 Bb7 15.
c3 b4 16. Nfd4 Qd7 17. Qa4 Rfc8 18. Nxc6 Bxc6 19. Qc2 bxc3 20. bxc3 Bb5 21. Rfe1
Bxe2 22. Rxe2 d4 23. Qe4 dxc3 24. Rc2 Rab8 25. Qe2 Ba3 26. Rd1 Qc6 27. Bf4 Rb2
28. Bc1 Rxc2 29. Qxc2 Bxc1 30. Rxc1 Qd5 31. Qe2 h6 32. h3 Rc5 33. Qg4 c2 34. f4
Qd2 35. Qxe6+ Kh7 0-1

[Event "AUTO-ADV-351"]
[Site "http://www.queenalice.com/game.php?id=148544"]
[Date "2006.12.31"]
[Round "1"]
[White "Renatov"]
[Black "luizhenriq19"]
[Result "1-0"]
[WhiteElo "1872"]
[BlackElo "1880"]

1. e4 c5 2. Nf3 d6 3. d4 g6 4. dxc5 Qa5+ 5. Nc3 Qxc5 6. Be3 Qb4 7. Rb1 Bg7 8. a3
Qa5 9. Bd2 Bd7 10. Nd5 Qd8 11. Bc4 Nf6 12. Qe2 O-O 13. O-O a6 14. Be3 Nxe4 15.
Bb6 1-0

[Event "AUTO-ADV-351"]
[Site "http://www.queenalice.com/game.php?id=148545"]
[Date "2006.12.31"]
[Round "1"]
[White "luizhenriq19"]
[Black "Renatov"]
[Result "1/2-1/2"]
[WhiteElo "1831"]
[BlackElo "1860"]

1. d4 d5 2. Bf4 Nf6 3. Nf3 Bf5 4. e3 e6 5. Be2 Be7 6. O-O Nbd7 7. a3 O-O 8. Nbd2
Rc8 9. c4 c5 10. Re1 Ne4 11. cxd5 exd5 12. Rc1 1/2-1/2

[Event "AUTO-ADV-351"]
[Site "http://www.queenalice.com/game.php?id=148546"]
[Date "2006.12.31"]
[Round "1"]
[White "Renatov"]
[Black "CampbellMarcel"]
[Result "1-0"]
[WhiteElo "1907"]
[BlackElo "400"]

1. e4 d5 2. exd5 Qxd5 3. Nc3 Qd8 4. d4 Nf6 5. Nf3 Bg4 6. Be2 e6 7. Bg5 Bxf3 8.
Bxf3 c6 9. O-O Be7 10. Ne2 O-O 11. Ng3 h6 12. Be3 Bd6 13. Ne4 Nxe4 14. Bxe4 f5
15. Bd3 Qh4 16. f4 Nd7 17. Qf3 1-0

[Event "AUTO-ADV-351"]
[Site "http://www.queenalice.com/game.php?id=148547"]
[Date "2006.12.31"]
[Round "1"]
[White "CampbellMarcel"]
[Black "Renatov"]
[Result "0-1"]
[WhiteElo "400"]
[BlackElo "1905"]

1. e4 e5 2. Nf3 Nc6 3. Bc4 Be7 4. O-O Nf6 5. Nc3 d6 6. Nd5 Nxd5 7. Bxd5 Bg4 8.
Bxf7+ Kxf7 9. Ng5+ Bxg5 10. Qxg4 Rf8 11. d3 Bxc1 0-1

[Event "AUTO-ADV-351"]
[Site "http://www.queenalice.com/game.php?id=148548"]
[Date "2006.12.31"]
[Round "1"]
[White "Renatov"]
[Black "valdiluis"]
[Result "1/2-1/2"]
[WhiteElo "1909"]
[BlackElo "1853"]

1. e4 e5 2. Nf3 Nf6 3. Nxe5 Nc6 4. d4 Nxe5 5. dxe5 Nxe4 6. Be3 Bb4+ 7. c3 Bc5 8.
Bxc5 Nxc5 9. Nd2 O-O 10. Nf3 d6 11. Be2 Bg4 12. exd6 Qxd6 13. O-O Rad8 14. Nd4
Bxe2 15. Qxe2 Rfe8 16. Qf3 b6 17. Rad1 Qg6 1/2-1/2

[Event "AUTO-ADV-351"]
[Site "http://www.queenalice.com/game.php?id=148549"]
[Date "2006.12.31"]
[Round "1"]
[White "valdiluis"]
[Black "Renatov"]
[Result "0-1"]
[WhiteElo "1840"]
[BlackElo "1888"]

1. e4 e6 2. f4 d5 3. e5 c5 4. Nf3 a6 5. d4 Nc6 6. Be3 Qb6 7. b3 cxd4 8. Bxd4
Nxd4 9. Qxd4 Bc5 10. Qd3 Bf2+ 11. Ke2 Bd7 12. a4 Ne7 13. Nc3 d4 14. Ne4 Be3 15.
Nd6+ Kf8 16. Nc4 Qc7 17. Nxe3 dxe3 18. Rd1 Rd8 19. Kxe3 g6 20. c4 Nf5+ 21. Ke2
Kg7 22. Qc3 Bc6 23. Rxd8 Rxd8 24. Rg1 Qb6 25. g4 Bxf3+ 26. Kxf3 Qxg1 27. Be2
Nh4+ 28. Ke4 Qg2+ 29. Bf3 Qxf3+ 30. Qxf3 Nxf3 0-1

[Event "AUTO-OPEN-216"]
[Site "http://www.queenalice.com/game.php?id=169662"]
[Date "2007.2.16"]
[Round "3"]
[White "Alarasu"]
[Black "Renatov"]
[Result "1-0"]
[WhiteElo "2242"]
[BlackElo "1837"]

1. e4 e5 2. Nf3 Nc6 3. Bb5 a6 4. Ba4 Nf6 5. O-O Be7 6. Re1 b5 7. Bb3 d6 8. c3
O-O 9. h3 Na5 10. Bc2 c5 11. d4 cxd4 12. cxd4 Qc7 13. Nbd2 Re8 14. Nf1 Bb7 15.
d5 Rac8 16. Bd3 Rf8 17. b3 Ba8 18. Bd2 Nb7 19. b4 h6 20. a4 bxa4 21. Bxa6 Rb8
22. Ng3 Qb6 23. Rxa4 Rbc8 24. Nf5 Rc7 25. Be3 1-0

[Event "AUTO-OPEN-216"]
[Site "http://www.queenalice.com/game.php?id=169666"]
[Date "2007.2.16"]
[Round "3"]
[White "Renatov"]
[Black "muppyman"]
[Result "0-1"]
[WhiteElo "1893"]
[BlackElo "1968"]

1. e4 e6 2. d4 d5 3. Nc3 Bb4 4. e5 c5 5. a3 cxd4 6. axb4 dxc3 7. bxc3 Nc6 8. Nf3
Bd7 9. Bd3 Qc7 10. Bd2 Nxe5 11. Be2 Nf6 12. O-O Ne4 13. Nxe5 Qxe5 14. Qe1 Nxd2
15. Qxd2 O-O 16. f4 Qf6 17. c4 d4 18. Bf3 Bc6 19. Bxc6 bxc6 20. Ra3 Rfd8 0-1

[Event "AUTO-OPEN-216"]
[Site "http://www.queenalice.com/game.php?id=169667"]
[Date "2007.2.16"]
[Round "3"]
[White "muppyman"]
[Black "Renatov"]
[Result "1-0"]
[WhiteElo "1919"]
[BlackElo "1902"]

1. e4 c5 2. Nf3 d6 3. g3 a6 4. Bg2 Nc6 5. O-O Bg4 6. Re1 e5 7. d3 Qf6 8. Nbd2
Nd4 9. c3 Nc6 10. Nf1 Be7 11. Ne3 Bh5 12. Nd5 Qg6 13. Nc7+ Kd8 14. Nxa8 1-0

[Event "AUTO-ADV-351"]
[Site "http://www.queenalice.com/game.php?id=208293"]
[Date "2007.5.9"]
[Round "2"]
[White "rubenov"]
[Black "Renatov"]
[Result "1-0"]
[WhiteElo "1856"]
[BlackElo "1851"]

1. d4 Nf6 2. Nc3 g6 3. e4 d6 4. Nf3 Bg7 5. Bc4 Bg4 6. Be3 O-O 7. h3 Bd7 8. O-O
Nc6 9. a3 Nh5 10. Qd3 a6 11. Ng5 h6 12. Nf3 e5 13. dxe5 Nxe5 14. Nxe5 Bxe5 15.
Bxh6 Nf4 16. Qf3 Nxh3+ 17. gxh3 Qh4 18. Bxf8 Rxf8 19. Kg2 Be6 20. Bxe6 fxe6 21.
Qg4 Qh6 22. Qxe6+ Kg7 23. Nd5 Qg5+ 24. Qg4 Qh6 25. Nxc7 Rf7 26. Ne6+ Kg8 27. c3
b5 28. f4 Bf6 29. Ng5 Re7 30. Rae1 Qg7 31. Qc8+ Qf8 32. Qxf8+ Kxf8 33. e5 1-0

[Event "AUTO-ADV-351"]
[Site "http://www.queenalice.com/game.php?id=208294"]
[Date "2007.5.9"]
[Round "2"]
[White "Renatov"]
[Black "rubenov"]
[Result "0-1"]
[WhiteElo "1869"]
[BlackElo "1875"]

1. e4 e5 2. Nf3 d6 3. d4 exd4 4. Nxd4 Nf6 5. Nc3 a6 6. f3 Be7 7. Be3 Bd7 8. Qd2
O-O 9. Be2 Nc6 10. O-O-O Ne5 11. g4 b5 12. h4 b4 13. Nd5 Nxd5 14. exd5 a5 15.
Rdg1 c5 16. dxc6 Nxc6 17. Nb5 Qb8 18. Nd4 Nxd4 19. Bxd4 Be6 20. Kb1 a4 21. g5 b3
22. a3 bxc2+ 23. Qxc2 Rc8 24. Qd2 Qb3 0-1

[Event "AUTO-ADV-351"]
[Site "http://www.queenalice.com/game.php?id=208295"]
[Date "2007.5.9"]
[Round "2"]
[White "carloswecker"]
[Black "Renatov"]
[Result "0-1"]
[WhiteElo "1841"]
[BlackElo "1835"]

1. Nf3 Nf6 2. c4 g6 3. d4 Bg7 4. Nc3 d6 5. e4 O-O 6. Be2 e5 7. O-O Nbd7 8. d5
Nc5 9. Ne1 Nfxe4 10. Nxe4 Nxe4 11. f4 Qe8 12. Bf3 Nc5 13. Rb1 e4 14. Be2 a5 15.
b3 Bf5 16. g4 Bd7 17. f5 Qd8 18. Bb2 Bh6 19. Qd4 f6 20. fxg6 hxg6 21. Rxf6 Rxf6
22. Qxf6 Qxf6 23. Bxf6 Rf8 24. g5 Bg7 25. Bxg7 Kxg7 26. Ng2 Nd3 27. Rf1 Rxf1+
28. Kxf1 Bh3 29. Bd1 Nf4 30. Kf2 Nxg2 31. Kg3 Ne3 32. Be2 Bf5 33. Kf4 Nc2 0-1

[Event "AUTO-ADV-351"]
[Site "http://www.queenalice.com/game.php?id=208296"]
[Date "2007.5.9"]
[Round "2"]
[White "Renatov"]
[Black "carloswecker"]
[Result "0-1"]
[WhiteElo "1853"]
[BlackElo "1895"]

1. e4 c5 2. Nf3 d6 3. d4 cxd4 4. Nxd4 Nf6 5. Nc3 a6 6. f3 Nbd7 7. Be3 e6 8. Qd2
Qc7 9. Be2 b5 10. a4 bxa4 11. Nxa4 Be7 12. O-O Bb7 13. Nb3 Rc8 14. Rfc1 O-O 15.
Ra3 Ne5 16. Nb6 Rcd8 17. Bxa6 d5 18. Raa1 dxe4 19. Qf2 exf3 20. Bxb7 Qxb7 21.
gxf3 Nxf3+ 22. Kf1 Ng4 23. Qe2 Nxe3+ 24. Qxe3 Nxh2+ 25. Ke2 Qg2+ 26. Qf2 Qg4+
27. Ke1 Bh4 0-1

[Event "Challenge"]
[Site "http://www.queenalice.com/game.php?id=241753"]
[Date "2007.7.18"]
[Round "-"]
[White "TinyDemons"]
[Black "Renatov"]
[Result "0-1"]
[WhiteElo "1874"]
[BlackElo "1835"]

1. e4 e5 2. Nf3 Nc6 3. Bb5 a6 4. Bxc6 dxc6 5. d3 Bd6 6. Nc3 Bg4 7. h3 Bh5 8. Be3
f6 9. g4 Bf7 10. d4 Ne7 11. dxe5 fxe5 12. a3 Qd7 13. Qd2 O-O-O 14. O-O-O h6 15.
Qe2 Qe6 16. Nd2 Ng6 17. Nb3 Nf4 18. Bxf4 exf4 19. Nd4 Qe5 20. Kb1 Bc5 21. Nf3
Qe6 22. Rd2 Rxd2 23. Nxd2 Bd4 24. Qf3 Bxc3 25. Qxc3 Rd8 26. Rd1 Qa2+ 27. Kc1
Qa1+ 28. Nb1 Qxb1+ 0-1

[Event "Challenge"]
[Site "http://www.queenalice.com/game.php?id=241754"]
[Date "2007.7.18"]
[Round "-"]
[White "Renatov"]
[Black "TinyDemons"]
[Result "1-0"]
[WhiteElo "1853"]
[BlackElo "1860"]

1. e4 e5 2. Nf3 Bd6 3. Bc4 Nf6 4. Nc3 a6 5. O-O Nc6 6. d3 h6 7. h3 Bc5 8. Ne2 d5
9. exd5 Nxd5 10. Bd2 Be6 11. c3 b5 12. Bb3 O-O 13. Ng3 Nce7 14. Nxe5 Qc8 15. d4
Bd6 16. f4 c5 17. Ne4 Nf5 18. Nxd6 Qc7 19. Nxf5 Bxf5 20. Bxd5 Rad8 21. Bf3 cxd4
22. cxd4 Rxd4 23. Qc1 Qb6 24. Be3 Qd6 25. Bxd4 Qxd4+ 26. Kh1 Rc8 27. Nc6 Qf6 28.
Qc3 Qd6 29. Ne7+ Qxe7 30. Qe1 Qf6 31. b3 g6 32. Qe3 Rc3 33. Qe5 Qxe5 34. fxe5
Be6 35. Rac1 Re3 36. Rfe1 Rd3 37. Rc6 a5 38. Rc5 a4 39. bxa4 bxa4 40. Re2 Rd1+
41. Kh2 Ra1 42. Bd5 Bxd5 43. Rxd5 Rc1 44. Ra5 Rc4 45. e6 1-0